Suicide Prevention : (Record no. 617336)

MARC details
000 -LEADER
fixed length control field 00490nam a2200193 a 4500
008 - FIXED-LENGTH DATA ELEMENTS--GENERAL INFORMATION
fixed length control field 260310s2001##################000#0#eng##
020 ## - INTERNATIONAL STANDARD BOOK NUMBER
ISBN 9780876309872
082 04 - DEWEY DECIMAL CLASSIFICATION NUMBER
Classification number 362.287
Item number LES
100 1# - MAIN ENTRY--AUTHOR NAME
Personal name Lester, David,
245 10 - TITLE STATEMENT
Title Suicide Prevention :
260 ## - PUBLICATION, DISTRIBUTION, ETC. (IMPRINT)
Name of publisher Psychology Press,
Year of publication 2001.
300 ## - PHYSICAL DESCRIPTION
Number of Pages 338 pages
650 #0 - SUBJECT ADDED ENTRY--TOPICAL TERM
Topical Term Psychology.
942 ## - ADDED ENTRY ELEMENTS (KOHA)
Koha item type English Books
Holdings
Withdrawn status Lost status Damaged status Not for loan Home library Current library Shelving location Date acquired Full call number Accession Number Price effective from Koha item type
        Anna Centenary Library Anna Centenary Library 4TH FLOOR, A WING 10.03.2026 362.287 LES 171935 10.03.2026 English Books

Find us on the map